| 000 | 01212cam a22003257a 4500 | ||
|---|---|---|---|
| 001 | 13652505 | ||
| 003 | NUST | ||
| 005 | 20210203163220.0 | ||
| 008 | 010518s2000 pk 000 0 urd | ||
| 010 | _a 2001289411 | ||
| 020 | _a9695031943 | ||
| 025 | _aP-U-2001289411; 01 | ||
| 035 | _a(DLC) 2001289411 | ||
| 038 | _aArshad | ||
| 040 |
_aDLC _cDLC _dDLC |
||
| 042 | _alcode | ||
| 050 | 0 | 0 | _aMLCMA 2011/00755 (B) |
| 082 |
_a297.030 _bDUN |
||
| 245 | 1 | 0 |
_aDunya bhar se qadeem o jadedd hikāyāt kā insāʼiklopīḍiyā / _cTehqeeq o taleef, Shahida Latif |
| 260 |
_aLāhaur : _bAl-Faisal nashran, _c2006 |
||
| 300 |
_a672 p. ; _c23 cm. |
||
| 520 | _aAn encyclopaedia of noble sayings of Muslim prophets and companions of Prophet Muhammad, d. 632. | ||
| 546 | _aIn Urdu. | ||
| 653 | 0 | _aIslamic stories | |
| 880 |
_6245-02\(3\r _aدنیا بھر سے قدیم و جدید حکایات کا انسائیکلوپیڈیا _cتحقیق و تالیف، شاہدہ لطیف |
||
| 880 |
_6260-03\(3\r _aلاہور: _bالفیصل ناشران، _c2006 |
||
| 906 |
_a7 _bcbc _corigode _d3 _encip _f20 _gy-gencatlg |
||
| 942 |
_2ddc _cENC |
||
| 999 |
_c332498 _d332498 |
||